Ľubica Šandorová

Bibliographic Details
Main Author: Pinterová, Zuzana (Author)
Format: Article
Language:Slovak
PhysicalDescription:Obr.
Subjects:

MARC

LEADER 00000nab a2200000 a 4500
001 vtls009332330
003 SK-MaSNL
005 20260304151758.0
008 250506 1976 xo d 000 0 slo
015 |a SNBRB1976 
035 |a (uuid)1c77c246-f253-4255-90da-84eea0849ba6 
035 |a urn:nbn:sk:snk-ab1363 
035 |a (urnnbn)urn:nbn:sk:snk:ar-0052x0 
040 |a SNKBUCL  |b slo  |c SNKBUCL  |e AACR2 
041 0 |a slo 
044 |a xo  |c SK 
080 |a 730.071.1  |2 2001 
100 1 |a Pinterová, Zuzana  |4 aut  |9 274356 
245 1 0 |a Ľubica Šandorová  |c Zuzana Pinterová 
300 |b Obr. 
600 1 7 |a Šandorová-Macejková, Ľubica  |2 snkbucl  |9 928847 
650 0 7 |a sochári  |2 snkbucl  |9 3055 
773 0 |t Výtvarný život  |g Roč. 21, č. 4 (1976), s. 45 
850 |a Slovenská národná knižnica 
852 |a Slovenská národná knižnica 
954 |a odborná, vedecká literatúra pôvodná (slovenská)  |2 lita 
958 |a article2022 
958 |a OND 
958 |a EUIPO 
999 |c 2945735  |d 2947665